000
00299nam a22001337a 4500
008
170824b xxu||||| |||| 00| 0 eng d
020
_a
9780697085818
041
_a
eng
080
_2
3 ED
_a
51
100
_a
38
101
_a
MAT
245
_a
INTERMEDIAYE ALGEBRA
_c
WESNER.T.H
942
_2
udc
_c
BK
999
_c
24893
_d
24893